000 00904cam a2200337 4500500
005 20260329004935.0
041 _afre
042 _adc
100 1 0 _aSorente, Isabelle
_eauthor
245 0 0 _aPeut-on changer de logique ?
260 _c2021.
500 _a49
690 _aBarbara Cassin
690 _aByung-Chul Han
690 _achangement
690 _aChantal Jaquet
690 _aCovid
690 _aDomination
690 _aFrédéric Nef
690 _aGenre
690 _aInde
690 _aJeanne Burgart Goutal
690 _aLogique
690 _aMichèle Le Dœuff
690 _aOccident
690 _aOrient
690 _aPandémie
690 _aTransclasse
786 0 _nPhilosophie magazine | 153 | 10 | 2021-10-01 | p. 28-28 | 1951-1787
856 4 1 _uhttps://shs.cairn.info/magazine-philosophie-magazine-2021-10-page-28?lang=fr&redirect-ssocas=7080
999 _c1838769
_d1838769